Antioxidačné vlastnosti cereálií bez CD-ROMu

Na minha lista:
Detalhes bibliográficos
Autor principal: Špaldová, Stanislava
Formato: Livro
Idioma:eslovaco
Publicado em: Bratislava STU v Bratislave FCHPT 2005
Acesso em linha:View in OPAC
Tags: Adicionar Tag
Sem tags, seja o primeiro a adicionar uma tag!

MARC

LEADER 00000nam a2200000 a 4500
005 20260127133949.0
008 050711 2005 xo 000 0 slo d
035 |a vtls008183404 
039 9 |y 200507111012  |z mschk03 
040 |a STUSCHK1  |b slo  |c STUSCHK1  |e AACR2 
100 1 |a Špaldová, Stanislava 
245 1 |a Antioxidačné vlastnosti cereálií  |b bez CD-ROMu 
260 |a Bratislava  |b STU v Bratislave FCHPT  |c 2005 
300 |a 93 s. 
500 |a Obháj.: 6.6. 2005 
500 |a Špec.: Výživa a hodnotenie potravín 
910 |a SCHK95 
999 |c 1012  |d 1012